Name All 206 Bones - Statistics

General Stats
  • This quiz has been taken 115 times
  • The average score is 56 of 206
Answer Stats
Answers % Correct
Atlas/C1
62%
Axis/C2
62%
C3
62%
C4
62%
C5
62%
C6
62%
C7
62%
L1
62%
L2
62%
L3
62%
L4
62%
L5
62%
T1
60%
T2
60%
T3
60%
T4
60%
T5
60%
Mandible
58%
T10
58%
T11
58%
T12
58%
T6
58%
T7
58%
T8
58%
T9
58%
Frontal
56%
Left femur
56%
Right femur
53%
Left tibia
51%
Occipital
51%
Right tibia
51%
Left ulna
49%
Coccyx
47%
Left rib 1
47%
Left rib 10
47%
Left rib 11
47%
Left rib 12
47%
Left rib 2
47%
Left rib 3
47%
Left rib 6
47%
Left rib 7
47%
Left rib 8
47%
Left rib 9
47%
Right rib 1
47%
Right rib 10
47%
Right rib 11
47%
Right rib 12
47%
Right rib 2
47%
Right rib 3
47%
Right rib 4
47%
Right rib 5
47%
Right rib 6
47%
Right rib 7
47%
Right rib 8
47%
Right rib 9
47%
Right ulna
47%
Left humerus
44%
Left radius
44%
Left rib 4
44%
Left rib 5
44%
Right fibula
44%
Right humerus
44%
Right radius
44%
Sacrum
44%
Left clavicle
42%
Left fibula
42%
Left patella
42%
Right clavicle
42%
Right patella
40%
Left maxilla
38%
Right maxilla
38%
Sternum
38%
Left scapula
33%
Left temporal
33%
Left zygomatic
33%
Right scapula
33%
Right temporal
33%
Right zygomatic
33%
Ethmoid
22%
Left hamate
22%
Left stapes
22%
Left trapezium
22%
Right stapes
22%
Right trapezium
22%
Sphenoid
22%
Hyoid
20%
Left incus
20%
Left malleus
20%
Left nasal
20%
Left scaphoid
20%
Left trapezoid
20%
Right hamate
20%
Right incus
20%
Right malleus
20%
Right nasal
20%
Right scaphoid
20%
Right trapezoid
20%
Vomer
20%
Left cuboid
18%
Left lacrimal
18%
Left metatarsal 1
18%
Left metatarsal 2
18%
Left metatarsal 3
18%
Left metatarsal 4
18%
Left metatarsal 5
18%
Left palatine
18%
Right cuboid
18%
Right lacrimal
18%
Right metatarsal 1
18%
Right metatarsal 2
18%
Right metatarsal 3
18%
Right metatarsal 4
18%
Right metatarsal 5
18%
Right palatine
18%
Left calcaneus
16%
Left lunate
16%
Left metacarpal 1
16%
Right calcaneus
16%
Right lunate
16%
Left capitate
13%
Left distal phalange 1
13%
Left distal phalange 2
13%
Left inferior nasal concha
13%
Left metacarpal 2
13%
Left metacarpal 3
13%
Left metacarpal 4
13%
Left metacarpal 5
13%
Left pareital
13%
Right capitate
13%
Right distal phalange 1
13%
Right distal phalange 2
13%
Right inferior nasal concha
13%
Right metacarpal 1
13%
Right metacarpal 2
13%
Right metacarpal 3
13%
Right metacarpal 4
13%
Right metacarpal 5
13%
Right navicular
13%
Right pareital
13%
Left distal phalange 3
11%
Left distal phalange 4
11%
Left distal phalange 5
11%
Left hip bone
11%
Left intermediate phalange 1
11%
Left intermediate phalange 2
11%
Left intermediate phalange 3
11%
Left intermediate phalange 4
11%
Left navicular
11%
Left pisiform
11%
Left proximal phalange 1
11%
Left proximal phalange 2
11%
Left proximal phalange 3
11%
Left proximal phalange 4
11%
Left proximal phalange 5
11%
Left talus
11%
Right distal phalange 3
11%
Right distal phalange 4
11%
Right distal phalange 5
11%
Right hip bone
11%
Right intermediate phalange 1
11%
Right intermediate phalange 2
11%
Right intermediate phalange 3
11%
Right intermediate phalange 4
11%
Right pisiform
11%
Right proximal phalange 1
11%
Right proximal phalange 2
11%
Right proximal phalange 3
11%
Right proximal phalange 4
11%
Right proximal phalange 5
11%
Right talus
11%
Left triquetrum
9%
Right triquetrum
9%
Left lateral cuneiform
7%
Left medial cuneiform
7%
Right lateral cuneiform
7%
Right medial cuneiform
7%
Left intermediate cuneiform
4%
Right intermediate cuneiform
4%
No matching quizzes found
Score Distribution
Percent of People with Each Score
Percentile by Number Answered
Your Score History
You have not taken this quiz